| 000 | 00505nam a2200169Ia 4500 | ||
|---|---|---|---|
| 020 | _a0521277728(pbk) | ||
| 082 |
_a420 _bCAR |
||
| 100 |
_aCarter- Ronald _97389 |
||
| 245 |
_aThe Web of words _bexploring literature through language _cRonald Carter |
||
| 260 |
_aCambridge _bCambridge University Press _c1995 |
||
| 300 | _a188p | ||
| 526 |
_a0 _b0 _c0 _d420_000000000000000_CAR |
||
| 650 |
_aEnglish Language -- Usage _938889 |
||
| 650 |
_aMCE _9379 |
||
| 700 |
_aMichal N. Long _938890 |
||
| 942 |
_2ddc _cBK |
||
| 999 |
_c543509 _d543509 |
||